[Event "GFBI"]
[Site "SchemingMind.com"]
[Date "2022.06.03"]
[Round "-"]
[White "Phillip Beckett"]
[Black "WarriorAngel"]
[Result "0-1"]
[WhiteCountry "ENG"]
[BlackCountry "SGP"]
[WhiteElo "1500"]
[WhiteRD "55"]
[BlackElo "1912"]
[BlackRD "102"]
[GameID "724040"]

1. e4 e6 2. d4 d5 3. Nd2 Ne7 4. e5 c5 5. c3 Nbc6 6. Ndf3 Nf5 7. Ne2 Be7 8. Qb3 O-O 9. dxc5 Bxc5 10. Bg5 Qc7
11. Ng3 Nxe5 12. Nxe5 Qxe5+ 13. Be2 Nxg3 14. hxg3 Qxg5 15. Qc2 g6 16. b4 Bb6 17. Qc1 Qxc1+ 18. Rxc1 Bd7 19. c4 dxc4 20. Bxc4 Rac8
21. O-O Rc7 22. Be2 Rfc8 23. Rxc7 Rxc7 24. Rd1 Bc6 25. b5 Bd5 26. Kf1 Rc2 27. Bd3 Rxf2+
0-1

[Event "GFBI"]
[Site "SchemingMind.com"]
[Date "2022.06.03"]
[Round "-"]
[White "WarriorAngel"]
[Black "Phillip Beckett"]
[Result "1-0"]
[WhiteCountry "SGP"]
[BlackCountry "ENG"]
[WhiteElo "1908"]
[WhiteRD "103"]
[BlackElo "1541"]
[BlackRD "57"]
[GameID "724041"]

1. d4 d5 2. c4 e6 3. Nc3 Nf6 4. Nf3 Be7 5. Bg5 h6 6. Bh4 O-O 7. e3 Ne4 8. Bxe7 Qxe7 9. Nxe4 dxe4 10. Nd2 f5
11. Qb3 Nd7 12. O-O-O c5 13. d5 Ne5 14. Be2 exd5 15. cxd5 c4 16. Nxc4 Nxc4 17. Bxc4 Qd6 18. Kb1 Bd7 19. Rd2 a6 20. Rhd1 b5
21. Bf1 Kh7 22. h4 a5 23. Rc1 a4 24. Qd1 b4 25. Rd4 b3 26. a3 Ra5 27. g3 Bb5 28. Qd2 Bxf1 29. Rxf1 Rd8 30. Qxa5
1-0

[Event "GFBI"]
[Site "SchemingMind.com"]
[Date "2022.06.04"]
[Round "-"]
[White "Transcendent"]
[Black "JAHI"]
[Result "1/2-1/2"]
[WhiteCountry "ENG"]
[BlackCountry "INT"]
[WhiteElo "2129"]
[WhiteRD "74"]
[BlackElo "2147"]
[BlackRD "70"]
[GameID "724042"]

1. d4 e6 2. e4 g6 3. c4 Bg7 4. g3 Kf8 5. Bg2 h6 6. Nc3 h5 7. Nf3 d6 8. O-O h4 9. Bg5 f6 10. Be3 h3
11. Bh1 Nc6 12. d5 Nce7 13. Nd4 e5 14. Ne6+ Bxe6 15. dxe6 Qc8 16. Nd5 c6 17. Nxe7 Kxe7 18. Qg4 Bf8 19. Qxg6 Qxe6 20. Bf3 Nh6
21. c5 Qf7 22. cxd6+ Kd8 23. Qxf7=
1/2-1/2

[Event "GFBI"]
[Site "SchemingMind.com"]
[Date "2022.06.04"]
[Round "-"]
[White "JAHI"]
[Black "Transcendent"]
[Result "1-0"]
[WhiteCountry "INT"]
[BlackCountry "ENG"]
[WhiteElo "2196"]
[WhiteRD "81"]
[BlackElo "1680"]
[BlackRD "70"]
[GameID "724043"]

1. b3 d5 2. Bb2 c5 3. g3 Nf6 4. Bg2 e6 5. Kf1 Nc6 6. d3 Be7 7. e3 O-O 8. h3 b5 9. Nd2 a5 10. Ne2 Qc7
11. g4 Ba6 12. g5 Ne8 13. h4 a4 14. Kg1 Nd6 15. Rh3 Rab8 16. Kh1 Rfd8 17. Qg1 c4 18. Bf3 Nf5 19. h5 cxd3 20. cxd3 Nb4
21. Rc1 Qd7 22. Nf4 Rbc8 23. Rxc8 Rxc8 24. g6 fxg6 25. hxg6 h6 26. Bd1 Bb7 27. a3 Nc2 28. bxa4 Bg5 29. Qg4 Bxf4 30. Qxf4 Ne1
31. e4 dxe4= 32. dxe4 Nd3 33. Rxd3 Qxd3 34. Bb3 Nd4 35. f3 Rf8 36. Qd6 Bxe4 37. Bxe6+ Nxe6 38. Qxe6+ Kh8 39. Bxg7+ Kxg7 40. Qe7+ Kxg6
41. Qxf8 Bd5 42. Qd6+ Kg7 43. Qe5+ Kg6 44. Qd6+ Kg7 45. Qg3+ Kf6 46. Qf4+ Kg6 47. axb5 Qxb5= 48. a4 Qd3 49. Ne4 Qf1+ 50. Kh2 Qe2+
51. Kg3 Qe1+ 52. Kh2 Qe2+ 53. Kg3 Qe1+= 54. Kg2 Qe2+ 55. Nf2 h5 56. a5 Qa6 57. Qd2 Qa8 58. Qd3+ Kg7 59. Qc3+ Kg6 60. Kg3 Bxf3=
61. Qxf3 h4+ 62. Kf4 Qxa5 63. Qc6+ Kg7 64. Qd7+ Kg6 65. Qe6+ Kg7 66. Ne4 Qc7+ 67. Kg4 Qf7 68. Qe5+ Kf8 69. Qb8+ Kg7= 70. Qe5+ Kf8
71. Ng5 Qd7+ 72. Kxh4 Qa4+ 73. Ne4 Qc4 74. Kg4 Qe2+ 75. Kg5 Qe3+ 76. Kg6 Qg1+ 77. Kf5 Qf1+ 78. Kg4 Qe2+ 79. Kf5 Qf3+ 80. Ke6 Qf7+
81. Kd6 Qg6+ 82. Kd5 Qf7+ 83. Kd6 Qg6+ 84. Kc5 Qg1+ 85. Kc6 Qc1+ 86. Kd7 Qd1+= 87. Kc6 Qc1+ 88. Nc5 Qh6+ 89. Kb5 Qg6 90. Ne6+ Kf7
91. Ng5+ Kg8 92. Kc5 Qc2+= 93. Kd6 Qg6+ 94. Ne6 Qd3+ 95. Ke7 Qh7+ 96. Kd8 Qd3+ 97. Ke7 Qh7+ 98. Kd6 Qd3+ 99. Nd4 Qg6+ 100. Kd5 Qg2+=
101. Kc5 Qg7 102. Qd5+
1-0

[Event "GFBI"]
[Site "SchemingMind.com"]
[Date "2022.06.04"]
[Round "-"]
[White "Transcendent"]
[Black "Allan Sedstrem"]
[Result "1-0"]
[WhiteCountry "ENG"]
[BlackCountry "SCO"]
[WhiteElo "2178"]
[WhiteRD "68"]
[BlackElo "1460"]
[BlackRD "75"]
[GameID "724044"]

1. d4 d5 2. c4 Nf6 3. cxd5 Nxd5 4. Nf3 Nc6 5. e4 Nf6 6. d5 Nxe4 7. Be2 Nb8 8. Qa4+ c6 9. Qxe4 cxd5 10. Qc2 e6
11. O-O Nc6 12. Nc3 Be7 13. Bf4 h6 14. Rad1 Bd6 15. Bxd6 Qxd6 16. Nb5 Qd7 17. Rfe1 a6 18. Nbd4 O-O 19. Nxc6 bxc6 20. Ne5 Qd6
21. Qxc6 Qxc6 22. Nxc6 Bb7 23. Ne5 Rac8 24. Rc1 Rxc1 25. Rxc1 Kh7 26. Rc7 Bc8 27. Bd3+ f5 28. f4 a5 29. h4 a4 30. h5 Re8
31. g4 d4 32. g5 hxg5 33. fxg5 Kg8 34. h6 gxh6 35. gxh6 Rd8 36. Rg7+ Kf8 37. Ng6+
1-0

[Event "GFBI"]
[Site "SchemingMind.com"]
[Date "2022.06.04"]
[Round "-"]
[White "Allan Sedstrem"]
[Black "Transcendent"]
[Result "0-1"]
[WhiteCountry "SCO"]
[BlackCountry "ENG"]
[WhiteElo "1437"]
[WhiteRD "74"]
[BlackElo "2129"]
[BlackRD "74"]
[GameID "724045"]

1. e4 e5 2. Nf3 f5 3. Nxe5 Qf6 4. f4 d6 5. Nc4 fxe4 6. d3 exd3 7. Qxd3 Bf5 8. Qb3 Qe7+ 9. Ne3 c6 10. Be2 Be6
11. Bc4 d5 12. Bxd5 Bxd5 13. Qc3 Bxg2 14. Rg1 Qh4+ 15. Ke2 Be4 16. Qe5+ Qe7 17. Qxe7+ Nxe7 18. Nc3 Bg6 19. Bd2 Nd7 20. Raf1 Nf5
21. Ne4 Nd4+ 22. Kd3 Nc5+ 23. Kxd4 O-O-O+ 24. Kc4 b5+
0-1

[Event "GFBI"]
[Site "SchemingMind.com"]
[Date "2022.06.05"]
[Round "-"]
[White "Transcendent"]
[Black "Sadalmelik"]
[Result "1-0"]
[WhiteCountry "ENG"]
[BlackCountry "ITA"]
[WhiteElo "2178"]
[WhiteRD "68"]
[BlackElo "1574"]
[BlackRD "105"]
[GameID "724046"]

1. d4 d6 2. c4 e5 3. Nc3 Nc6 4. d5 Nce7 5. e4 g6 6. Bd3 Nf6 7. Nge2 Bg7 8. O-O O-O 9. f4 Nd7 10. f5 a6
11. g4 b6 12. Be3 c5 13. Rf2 Bb7 14. Ng3 h6 15. h4 f6 16. fxg6 Nxg6 17. Rh2 Nf4 18. Nf5 Qb8 19. Qd2 Nxd3 20. Nxg7 Kxg7
21. Bxh6+ Kf7 22. Bxf8 Nxf8 23. Qxd3 Nd7 24. Rf1 Qg8 25. Qf3 Bc8 26. g5 Qh8 27. h5 Bb7 28. g6+ Kg7 29. Qf5 Bc8 30. h6+ Kg8
31. Qe6+ Kf8 32. Qf7#
1-0

[Event "GFBI"]
[Site "SchemingMind.com"]
[Date "2022.06.08"]
[Round "-"]
[White "Sadalmelik"]
[Black "Transcendent"]
[Result "0-1"]
[WhiteCountry "ITA"]
[BlackCountry "ENG"]
[WhiteElo "1527"]
[WhiteRD "113"]
[BlackElo "2129"]
[BlackRD "74"]
[GameID "724047"]

1. d4 d5 2. Nf3 Nf6 3. c4 c6 4. Nc3 dxc4 5. e3 b5 6. b4 a5 7. bxa5 Qxa5 8. Bd2 b4 9. Ne2 c3 10. Bc1 Be6
11. a4 Ne4 12. Qd3 Bd5 13. Nf4 b3 14. Be2 b2
0-1

[Event "GFBI"]
[Site "SchemingMind.com"]
[Date "2022.06.04"]
[Round "-"]
[White "Transcendent"]
[Black "Arnold Jones"]
[Result "1-0"]
[WhiteCountry "ENG"]
[BlackCountry "ENG"]
[WhiteElo "2178"]
[WhiteRD "68"]
[BlackElo "1531"]
[BlackRD "63"]
[GameID "724048"]

1. d4 d5 2. c4 Nf6 3. cxd5 Bf5 4. Nf3 Ne4 5. Qb3 Nd6 6. Bf4 Nd7 7. Nc3 c6 8. Bxd6 exd6 9. e4 Bg6 10. h4 f6
11. h5 Bf7 12. Qxb7 c5 13. Bb5 Rc8 14. Qxa7 Rc7 15. Qa4 Be7 16. e5 dxe5 17. dxe5 fxe5 18. Nxe5 Bd6 19. Bxd7+ Rxd7 20. Nxd7 Qxd7
21. Qxd7+ Kxd7 22. a4 Re8+ 23. Kd2 Re5 24. a5 Bxd5 25. Nxd5 Rxd5+ 26. Kc2 Kc6 27. a6 Rf5 28. f3 Rf8 29. a7 Kb7 30. Rhd1 Bc7
31. Rd7 Kc6 32. Rxc7+ Kxc7 33. a8=Q Rxa8 34. Rxa8
1-0

[Event "GFBI"]
[Site "SchemingMind.com"]
[Date "2022.06.04"]
[Round "-"]
[White "Arnold Jones"]
[Black "Transcendent"]
[Result "0-1"]
[WhiteCountry "ENG"]
[BlackCountry "ENG"]
[WhiteElo "1531"]
[WhiteRD "63"]
[BlackElo "2178"]
[BlackRD "68"]
[GameID "724049"]

1. d4 d5 2. Nf3 Nf6 3. c4 c6 4. Nc3 dxc4 5. e4 b5 6. Qc2 e6 7. Bg5 h6 8. Be3 Bb7 9. O-O-O Qa5 10. Bd2 Qc7
11. Ne5 Nbd7 12. f4 Be7 13. Nxd7 Nxd7 14. e5 O-O 15. Be1 Nb6 16. Ne4 Rad8 17. Ba5 Qc8 18. Qf2 Rd5 19. Bxb6 axb6 20. Nc3 Rd7
21. g3 c5 22. d5 b4 23. Na4 Rxd5 24. Nxb6 Rxd1+ 25. Kxd1 Qd8+ 26. Kc1 Qxb6 27. Rg1 Bd5 28. Qc2 b3 29. axb3 cxb3 30. Qf2 Ra8
31. Bd3 Ra1+ 32. Kd2 Qb4+ 33. Ke3 Qd4+
0-1

[Event "GFBI"]
[Site "SchemingMind.com"]
[Date "2022.06.07"]
[Round "-"]
[White "Transcendent"]
[Black "WarriorAngel"]
[Result "1-0"]
[WhiteCountry "ENG"]
[BlackCountry "SGP"]
[WhiteElo "2119"]
[WhiteRD "74"]
[BlackElo "1826"]
[BlackRD "100"]
[GameID "724050"]

1. d4 Nf6 2. c4 e6 3. g3 d5 4. Nf3 b6 5. Bg2 Bb7 6. Ne5 Nbd7 7. Qa4 Bd6 8. Bf4 Bxe5 9. dxe5 Nh5 10. Bd2 g6
11. Bh6 Rg8 12. f4 c6 13. Nd2 Ng7 14. cxd5 Nc5 15. Qc2 cxd5 16. b4 Na6 17. Bxg7 Rxg7 18. a3 Qd7 19. Nf3 Rc8 20. Qd2 Rg8
21. O-O Ke7 22. Nd4 Rc7 23. g4 Rc4 24. Rac1 Rgc8 25. Rxc4 Rxc4 26. f5 Kd8 27. fxe6 fxe6 28. Rf8+ Kc7 29. Qf4
1-0

[Event "GFBI"]
[Site "SchemingMind.com"]
[Date "2022.06.04"]
[Round "-"]
[White "WarriorAngel"]
[Black "Transcendent"]
[Result "0-1"]
[WhiteCountry "SGP"]
[BlackCountry "ENG"]
[WhiteElo "1866"]
[WhiteRD "91"]
[BlackElo "2129"]
[BlackRD "74"]
[GameID "724051"]

1. e4 e6 2. d4 d5 3. exd5 exd5 4. Bd3 Bd6 5. Nf3 Ne7 6. c3 Bf5 7. O-O O-O 8. Be3 Qd7 9. Qc2 h6 10. Nbd2 Bxd3
11. Qxd3 Re8 12. Rfe1 Ng6 13. g3 c6 14. Nf1 Qg4 15. Bd2 Nd7 16. Ne3 Qxf3
0-1

[Event "GFBI"]
[Site "SchemingMind.com"]
[Date "2022.06.03"]
[Round "-"]
[White "JAHI"]
[Black "Allan Sedstrem"]
[Result "1-0"]
[WhiteCountry "INT"]
[BlackCountry "SCO"]
[WhiteElo "2127"]
[WhiteRD "66"]
[BlackElo "1437"]
[BlackRD "64"]
[GameID "724052"]

1. b3 d5 2. Bb2 Nc6 3. g3 e5 4. Bg2 e4 5. Kf1 Be7 6. Bxg7 Bf6 7. Bxh8 Bxh8 8. Nc3 d4 9. Nxe4 f5 10. Nc5 d3
11. c3 dxe2+ 12. Qxe2+ Nge7 13. Re1 Bf6 14. Nh3 b6 15. Bxc6+ Bd7 16. Qe6 Bxc6 17. Qg8#
1-0

[Event "GFBI"]
[Site "SchemingMind.com"]
[Date "2022.06.03"]
[Round "-"]
[White "Allan Sedstrem"]
[Black "JAHI"]
[Result "0-1"]
[WhiteCountry "SCO"]
[BlackCountry "INT"]
[WhiteElo "1452"]
[WhiteRD "64"]
[BlackElo "2145"]
[BlackRD "68"]
[GameID "724053"]

1. c4 e6 2. d4 Bb4+ 3. Bd2 Bxd2+ 4. Nxd2 Kf8 5. Ngf3 d6 6. g3 h6 7. Bg2 h5 8. h4 Nc6 9. Qc2 e5 10. dxe5 dxe5
11. Rd1 Qe7 12. Ne4 Bf5 13. Nfd2 Rd8 14. Bh3 Nd4 15. Qa4 Rh6 16. Bxf5 Ra6 17. Qxa6 bxa6 18. e3 Nxf5 19. O-O Qe6 20. Ng5 Qd7
21. Nde4 Qxd1 22. Rxd1 Rxd1+ 23. Kg2 Rb1 24. b3 Ngh6 25. Nd2 Rb2
0-1

[Event "GFBI"]
[Site "SchemingMind.com"]
[Date "2022.06.03"]
[Round "-"]
[White "JAHI"]
[Black "Sadalmelik"]
[Result "1-0"]
[WhiteCountry "INT"]
[BlackCountry "ITA"]
[WhiteElo "2157"]
[WhiteRD "69"]
[BlackElo "1538"]
[BlackRD "120"]
[GameID "724054"]

1. b3 e5 2. Bb2 Nc6 3. g3 g6 4. Bg2 Bg7 5. Kf1 Nge7 6. h3 O-O 7. h4 d5 8. h5 Be6 9. h6 Bh8 10. d3 d4
11. Nf3 f6 12. c3 Nf5 13. Qc1 a5 14. cxd4 Ncxd4 15. Nxd4 Nxd4 16. Bxb7 Rb8 17. Bg2 Qd6 18. Nd2 Bg4 19. f3 Be6 20. Ba3 Qb6
21. Bc5 Qb5 22. Bxf8 Kxf8 23. Qxc7 Rc8 24. Qxh7 Qb4 25. Qxh8+ Ke7 26. Qg7+ Bf7 27. Ne4 Rc6 28. h7
1-0

[Event "GFBI"]
[Site "SchemingMind.com"]
[Date "2022.06.08"]
[Round "-"]
[White "Sadalmelik"]
[Black "JAHI"]
[Result "0-1"]
[WhiteCountry "ITA"]
[BlackCountry "INT"]
[WhiteElo "1574"]
[WhiteRD "105"]
[BlackElo "2167"]
[BlackRD "66"]
[GameID "724055"]

1. d4 e6 2. c4 Bb4+ 3. Nc3 Kf8 4. Nf3 d6 5. a3 Bxc3+ 6. bxc3 Nc6 7. e4 Na5 8. d5 Ne7 9. Nd4 e5 10. Nf3 Bg4
11. h3 Bxf3 12. gxf3 Ng6 13. Be3 b6 14. Qc2 h6 15. a4 Qf6 16. Qd1 Kg8 17. Rb1 Re8 18. Rg1 Nf4 19. Bxf4 exf4 20. Qc1 g6
21. Be2 Rh7 22. Rg4 g5 23. Kd2 Kh8 24. Qb2 Rg8 25. Bd3 Qe5 26. Qb5 f6 27. Qa6 c6 28. dxc6 Nxc6 29. Qb5 Rc7 30. Qd5= Qe7
31. Rb5 Ne5 32. Rg1 Nxf3+ 33. Kc2 Nxg1 34. Qf5 Nf3 35. Qg4 Ne1+ 36. Kd2 Nxd3 37. Kxd3 Rgc8 38. Rb4 a6 39. Rxb6 Rxc4 40. Rb3 Qxe4+
41. Kd2 R4c5 42. f3 Qe3+ 43. Kc2 Rxc3+ 44. Rxc3 Rxc3+ 45. Kb2 Qc1+ 46. Ka2 Ra3#
0-1

[Event "GFBI"]
[Site "SchemingMind.com"]
[Date "2022.06.03"]
[Round "-"]
[White "Arnold Jones"]
[Black "JAHI"]
[Result "0-1"]
[WhiteCountry "ENG"]
[BlackCountry "INT"]
[WhiteElo "1580"]
[WhiteRD "57"]
[BlackElo "2145"]
[BlackRD "68"]
[GameID "724057"]

1. d4 e6 2. e4 g6 3. Nf3 Bg7 4. Be3 Kf8 5. e5 d6 6. Bd3 b6 7. c4 Bb7 8. Bf4 dxe5 9. dxe5 Nd7 10. b4 Bxf3
11. Qxf3 Nxe5 12. Bxe5 Bxe5 13. Be4 Rb8 14. Nc3 Qd4 15. Rc1 Qxc4 16. Ne2 Qxb4+ 17. Nc3 Kg7 18. O-O Nf6 19. Rfe1 Bxc3 20. Qxc3 Qxc3
21. Rxc3 Nxe4 22. Rxe4 Rhd8 23. g3 Rb7 24. Rc6 Rd6 25. Rec4 Rxc6 26. Rxc6 h6 27. Kg2 a6 28. Rc3 Kf6 29. f4 Ke7 30. Kf3 f6
31. Ke4 b5 32. Rc5 Kd6 33. Kd4 c6 34. g4 g5 35. Rc2 gxf4
0-1

[Event "GFBI"]
[Site "SchemingMind.com"]
[Date "2022.06.03"]
[Round "-"]
[White "JAHI"]
[Black "WarriorAngel"]
[Result "1-0"]
[WhiteCountry "INT"]
[BlackCountry "SGP"]
[WhiteElo "2171"]
[WhiteRD "69"]
[BlackElo "1941"]
[BlackRD "94"]
[GameID "724058"]

1. b3 d5 2. Bb2 Bf5 3. g3 e5 4. Bxe5 Nf6 5. Bg2 c6 6. Kf1 Nbd7 7. Bb2 Bc5 8. e3 O-O 9. d3 Re8 10. h3 Qc7
11. Ne2 a5 12. a3 b5 13. Nd2 Bb6 14. Rh2 Re7 15. Kg1 Rae8 16. Kh1 h6 17. Nf4 Ne5 18. Nf3 Nfd7 19. Nh4 Bh7 20. d4 Ng6
21. Nf5 Re4 22. Bxe4 Rxe4 23. Nh5 Ne7 24. Nfxg7
1-0

[Event "GFBI"]
[Site "SchemingMind.com"]
[Date "2022.06.03"]
[Round "-"]
[White "WarriorAngel"]
[Black "JAHI"]
[Result "0-1"]
[WhiteCountry "SGP"]
[BlackCountry "INT"]
[WhiteElo "1922"]
[WhiteRD "94"]
[BlackElo "2157"]
[BlackRD "69"]
[GameID "724059"]

1. d4 e6 2. c4 Bb4+ 3. Nc3 Kf8 4. e4 d6 5. Nf3 b6 6. Bd3 Bb7 7. O-O Bxc3 8. bxc3 Ne7 9. Bg5 h6 10. Bh4 a6
11. Rb1 Nd7 12. a4 a5 13. Nd2 Kg8 14. Nb3 f6 15. f4 e5 16. c5 Rh7 17. Qe2 Kh8 18. fxe5 dxe5 19. cxb6 cxb6 20. Bg3 h5
21. dxe5 h4 22. exf6 hxg3 23. fxg7+ Kxg7 24. Nd4 Kh8 25. h3 Ng6 26. Nf5 Nc5 27. Bc2 Ba6 28. c4 Ne5 29. Rfd1 Qc7 30. Rd6 Bxc4
31. Qe3 Ncd7 32. Rh6 Qc5 33. Rxh7+ Kxh7 34. Qxc5 Nxc5 35. Rxb6 Rd8 36. Nxg3 Rd2 37. Bb1 Nb3
0-1

[Event "GFBI"]
[Site "SchemingMind.com"]
[Date "2022.06.08"]
[Round "-"]
[White "Allan Sedstrem"]
[Black "Sadalmelik"]
[Result "0-1"]
[WhiteCountry "SCO"]
[BlackCountry "ITA"]
[WhiteElo "1437"]
[WhiteRD "74"]
[BlackElo "1527"]
[BlackRD "113"]
[GameID "724060"]

1. e4 Nc6 2. d4 e6 3. d5 Ne5 4. Bf4 Bd6 5. Qd4 f6 6. Nd2 Ne7 7. Ngf3 N7g6 8. Be3 O-O 9. Nc4 Nxf3+ 10. gxf3 e5
11. Qc3 Be7 12. Qb3 b6 13. Nxb6 axb6 14. d6+ Kh8 15. dxe7 Nxe7 16. O-O-O d6 17. f4 Nc6 18. fxe5 Nxe5 19. Be2 Qe7 20. f4 Be6
21. Qc3 Nf7 22. a3 c5 23. f5 Bd7 24. Bd3 Ne5 25. Be2 b5 26. Qe1 Bc6 27. Qh4 Nc4 28. Bxc4 bxc4 29. Rhg1 c3 30. Rg4 cxb2+
31. Kb1 Qe5 32. Rdg1 Rxa3 33. Qxh7+ Kxh7 34. Rxg7+ Kh8 35. c3 Bxe4+ 36. Kxb2 Qxc3#
0-1

[Event "GFBI"]
[Site "SchemingMind.com"]
[Date "2022.06.08"]
[Round "-"]
[White "Sadalmelik"]
[Black "Allan Sedstrem"]
[Result "0-1"]
[WhiteCountry "ITA"]
[BlackCountry "SCO"]
[WhiteElo "1538"]
[WhiteRD "120"]
[BlackElo "1423"]
[BlackRD "68"]
[GameID "724061"]

1. d4 d5 2. c4 e6 3. Nf3 Nc6 4. Nc3 Nf6 5. cxd5 exd5 6. g3 Bd6 7. Bg2 O-O 8. O-O Be6 9. Re1 Re8 10. a3 Qd7
11. b4 Bh3 12. e3 Bxg2 13. Kxg2 a6 14. Bb2 Ne4 15. Nxd5 Bxg3 16. hxg3 Qxd5 17. Qc2 Ng5 18. Qe2 Re6 19. Rad1 Rae8 20. Bc1 f5
21. Rh1 Ne4 22. Qd3 Ne7 23. Nd2 Nc5+ 24. Nf3 Nxd3 25. Rxd3 g5 26. Rh5 g4 27. Rg5+ Ng6
0-1

[Event "GFBI"]
[Site "SchemingMind.com"]
[Date "2022.06.04"]
[Round "-"]
[White "Allan Sedstrem"]
[Black "Arnold Jones"]
[Result "1-0"]
[WhiteCountry "SCO"]
[BlackCountry "ENG"]
[WhiteElo "1452"]
[WhiteRD "64"]
[BlackElo "1580"]
[BlackRD "57"]
[GameID "724062"]

1. e4 c5 2. d4 d5 3. e5 c4 4. Nf3 b5 5. b4 cxb3 6. Bxb5+ Bd7 7. Bxd7+ Qxd7 8. axb3 Qb5 9. Nc3 Qb4 10. Bd2 Qb7
11. O-O e6 12. Na4 Nd7 13. Rb1 a5 14. c4 Bb4 15. c5 Bxd2 16. Qxd2 Qb4 17. Qg5 Ne7 18. Qxg7 Rf8 19. Qxh7 Nc6 20. Ng5 Nxd4
21. Nb6 Nxb6 22. cxb6 Nf5 23. Rfc1 Qxb6 24. Rc7 Qxc7 25. Nxe6 Qxe5 26. Nxf8 Ne7 27. Qh6 d4 28. Kf1 d3 29. Re1 Qc5 30. Qh8 O-O-O
31. Qh3+ Nf5 32. Rd1 d2 33. Nh7 Qc2 34. Qf3 Ne7 35. Ng5 f5 36. Qe2 Qd3 37. Qxd3 Rxd3 38. h3 Kd7 39. Ke2 Rxb3 40. Rxd2+ Ke8
41. Rd3 Rb5 42. f3 f4 43. Ne4 a4 44. Nd6+ Kf8 45. Nxb5 Nf5 46. Ra3
1-0

[Event "GFBI"]
[Site "SchemingMind.com"]
[Date "2022.06.03"]
[Round "-"]
[White "Arnold Jones"]
[Black "Allan Sedstrem"]
[Result "0-1"]
[WhiteCountry "ENG"]
[BlackCountry "SCO"]
[WhiteElo "1580"]
[WhiteRD "57"]
[BlackElo "1452"]
[BlackRD "64"]
[GameID "724063"]

1. d4 d5 2. Nf3 Nf6 3. Nc3 c5 4. dxc5 e6 5. Be3 Nbd7 6. b4 Be7 7. Bf4 O-O 8. e3 Nh5 9. Bd6 Bxd6 10. cxd6 Nb6
11. Nd4 Nf6 12. Be2 Qxd6 13. a3 Bd7 14. b5 e5 15. Nb3 Rac8 16. Qd2 Qc7 17. Na5 Qxc3 18. Qxc3 Rxc3 19. Ra2 Be6 20. Nb3 d4
21. exd4 Bxb3 22. cxb3 exd4 23. Rb2 Re8 24. O-O d3 25. Bd1 Kf8 26. f3 Rd8 27. Rd2 Nfd7 28. Re1 Nc5 29. b4 Nb3 30. Bxb3 Rxb3
31. Ra1 Nc4 32. Rda2 d2 33. Rxd2 Rxd2 34. Kh1 Rbb2 35. Rg1 Nxa3 36. b6 a6
0-1

[Event "GFBI"]
[Site "SchemingMind.com"]
[Date "2022.06.04"]
[Round "-"]
[White "Allan Sedstrem"]
[Black "WarriorAngel"]
[Result "1-0"]
[WhiteCountry "SCO"]
[BlackCountry "SGP"]
[WhiteElo "1437"]
[WhiteRD "74"]
[BlackElo "1866"]
[BlackRD "91"]
[GameID "724064"]

1. e4 e6 2. d4 d5 3. e5 c5 4. Nf3 Nc6 5. Be3 Qb6 6. b3 Qa5+ 7. Qd2 Qb6 8. Bd3 cxd4 9. Bf4 Nge7 10. c3 Ng6
11. O-O Nxf4 12. Qxf4 dxc3 13. Nxc3 Nb4 14. Bb5+ Nc6 15. Ng5 Qc7 16. Bxc6+ bxc6 17. Rac1 h6 18. Nf3 Ba3 19. Rcd1 Ba6 20. Rfe1 Be7
21. Qg4 O-O 22. Re3 c5 23. Ne2 d4 24. Red3 Bxd3 25. Rxd3 a5 26. Nf4 Rfd8 27. Nh5 Bf8 28. Qf4 a4 29. Nd2 axb3 30. Nxb3 Rd5
31. h3 Rxa2 32. Nc1 Ra1 33. Rg3 Qxe5 34. Nf6+ Kh8 35. Qxh6+
1-0

[Event "GFBI"]
[Site "SchemingMind.com"]
[Date "2022.06.03"]
[Round "-"]
[White "WarriorAngel"]
[Black "Allan Sedstrem"]
[Result "1-0"]
[WhiteCountry "SGP"]
[BlackCountry "SCO"]
[WhiteElo "1941"]
[WhiteRD "94"]
[BlackElo "1420"]
[BlackRD "67"]
[GameID "724065"]

1. f3 c5 2. e4 Nc6 3. Ne2 e5 4. Nbc3 Nf6 5. Ng3 Nd4 6. Bc4 Be7 7. d3 O-O 8. a3 d6 9. Bg5 Qb6 10. Qc1 Qc7
11. Bxf6 Bxf6 12. Nd5 Qa5+ 13. Qd2 Qd8 14. O-O Bg5 15. f4 Bh4 16. Ne2 exf4 17. Nxd4 Bg5 18. Ne2 f3 19. Nef4 fxg2 20. Qxg2 Bxf4
21. Rxf4 Be6 22. Raf1 Qd7 23. Nf6+
1-0

[Event "GFBI"]
[Site "SchemingMind.com"]
[Date "2022.06.08"]
[Round "-"]
[White "Sadalmelik"]
[Black "Arnold Jones"]
[Result "1-0"]
[WhiteCountry "ITA"]
[BlackCountry "ENG"]
[WhiteElo "1597"]
[WhiteRD "122"]
[BlackElo "1582"]
[BlackRD "59"]
[GameID "724066"]

1. e4 e6 2. d4 d5 3. Nd2 g6 4. Ngf3 Bg7 5. Bd3 Ne7 6. O-O Nbc6 7. c3 e5 8. Re1 f5 9. Nxe5 Nxe5 10. dxe5 fxe4
11. Bc2 Bxe5 12. Nb3 Nf5 13. Nd4 Bxd4 14. cxd4 Qf6 15. Ba4+ c6 16. Bd2 Nxd4 17. Bc3 b5 18. Bxd4 Qf8 19. Bxh8 Qxh8 20. Bb3 Bb7
21. Rb1 O-O-O 22. Qc2 Qe5 23. a4 b4 24. Qc5 Kb8 25. Qxb4 d4 26. Rbc1 Rc8 27. Rc5 Qe7 28. Qa5 Qh4 29. Re5 Rf8 30. g3 Qf6
31. f4 e3 32. Bc4 h6 33. Qc5 Rd8 34. Re6 Qg7 35. Rd6 Rxd6 36. Qxd6+ Qc7 37. Qxd4 Qa5 38. Rxe3 a6 39. Re8+ Bc8 40. Qd6+ Kb7
41. Re7+ Kb6 42. Qc7+
1-0

[Event "GFBI"]
[Site "SchemingMind.com"]
[Date "2022.06.08"]
[Round "-"]
[White "Arnold Jones"]
[Black "Sadalmelik"]
[Result "0-1"]
[WhiteCountry "ENG"]
[BlackCountry "ITA"]
[WhiteElo "1582"]
[WhiteRD "59"]
[BlackElo "1597"]
[BlackRD "122"]
[GameID "724067"]

1. d4 d6 2. c4 e5 3. d5 Nf6 4. Bg5 Be7 5. Bxf6 Bxf6 6. e4 O-O 7. Nc3 Nd7 8. Nf3 a6 9. Be2 h6 10. O-O c6
11. b4 b5 12. a4 Bb7 13. c5 dxc5 14. dxc6 Bxc6 15. bxc5 Nxc5 16. Qc2 Qc7 17. axb5 axb5 18. Rxa8 Rxa8 19. Bxb5 Bxb5 20. Nxb5 Qc6
21. Nc3 Ne6 22. Rd1 Nd4 23. Qd3 Ra3 24. Nxd4 exd4 25. Qg3 Rxc3 26. Qb8+ Kh7 27. f3 Rc1 28. Rxc1 Qxc1+ 29. Kf2 d3 30. Qd6 Bc3
31. f4 Qe1+ 32. Kf3 Qe2+ 33. Kg3 Be1+ 34. Kh3 Qh5#
0-1

[Event "GFBI"]
[Site "SchemingMind.com"]
[Date "2022.06.08"]
[Round "-"]
[White "Sadalmelik"]
[Black "WarriorAngel"]
[Result "1-0"]
[WhiteCountry "ITA"]
[BlackCountry "SGP"]
[WhiteElo "1574"]
[WhiteRD "105"]
[BlackElo "1826"]
[BlackRD "94"]
[GameID "724068"]

1. Nf3 Nf6 2. c4 e6 3. Nc3 d5 4. e3 Be7 5. d4 c6 6. Bd3 b6 7. O-O O-O 8. b3 Ba6 9. Ne5 Nfd7 10. Nxd7 Nxd7
11. f4 Nf6 12. Bb2 Rc8 13. h3 c5 14. cxd5 Bxd3 15. Qxd3 cxd4 16. Qxd4 Bc5 17. Qe5 Nd7 18. Qe4 Nf6 19. Qf3 Nxd5 20. Nxd5 Qxd5
21. Qg3 f6 22. Rad1 Qe4 23. Rfe1 Kf7 24. Rd7+ Be7 25. Red1 Rc2 26. Ba3 Re8 27. Rxa7 Rxa2 28. Rdd7 Ra1+ 29. Kh2 Rxa3 30. Rxa3 Rd8
31. Rc7 Qg6 32. Qf3 Kf8 33. Raa7 Bc5 34. Qg4 Qxg4 35. hxg4 Bxe3 36. Rf7+
1-0

[Event "GFBI"]
[Site "SchemingMind.com"]
[Date "2022.06.08"]
[Round "-"]
[White "WarriorAngel"]
[Black "Sadalmelik"]
[Result "1-0"]
[WhiteCountry "SGP"]
[BlackCountry "ITA"]
[WhiteElo "1835"]
[WhiteRD "97"]
[BlackElo "1562"]
[BlackRD "107"]
[GameID "724069"]

1. e4 Nc6 2. d4 e5 3. d5 Nce7 4. c4 d6 5. Nc3 Nf6 6. g3 g6 7. Bg2 Bg7 8. Nge2 O-O 9. O-O b6 10. f4 Ba6
11. b3 Bb7 12. fxe5 dxe5 13. Bg5 Nc8 14. Nb5 a6 15. Nxc7 Qxc7 16. Bxf6 Nd6 17. Qd2 a5 18. Qg5 Rfe8 19. Bxg7 Kxg7 20. Qf6+ Kg8
21. Kh1 Rad8 22. Nc3 Re7 23. Nb5 Nxb5 24. cxb5 Rd6 25. Qg5 Kg7 26. Rac1 Qd7 27. a4 h6 28. Qe3 g5 29. Rc4 f6 30. Rfc1 Qd8
31. Kg1 Kg6 32. Bh3 Qb8 33. Bf5+ Kg7 34. Qf3 Qe8 35. Rc7 Rd8 36. Qd1 h5 37. R1c4 Kh6 38. h4 Rd6 39. Qc1
1-0

[Event "GFBI"]
[Site "SchemingMind.com"]
[Date "2022.06.03"]
[Round "-"]
[White "Arnold Jones"]
[Black "WarriorAngel"]
[Result "1-0"]
[WhiteCountry "ENG"]
[BlackCountry "SGP"]
[WhiteElo "1570"]
[WhiteRD "62"]
[BlackElo "1912"]
[BlackRD "102"]
[GameID "724070"]

1. d4 Nf6 2. Nf3 e6 3. Nc3 d5 4. Bg5 Be7 5. Qd2 c5 6. O-O-O Ne4 7. Bxe7 Qxe7 8. Nxe4 dxe4 9. Ne5 b6 10. dxc5 O-O
11. c6 f6 12. Nd7 Rd8 13. Nxf6+
1-0